000 00440nam a2200145 4500
001 131725
003 ES-MaACL
007 t|
008 070214s1910 fr r ||||1| fre d
100 1 _aRoehrich, Edouard.
_998902
245 1 0 _aPhilosophie del'education
_b: essai de pédagogie generale /
_cpar Edouard Roehrich.
260 _aParis :
_b[s.n.],
_c1910 (
_fLibr. Imp. Réunies)
300 _a288 p. ;
_c22 cm.
852 _aES-MaACL
_jB-7078
999 _c131725
_d131725